All 2015 NCS Songs - Statistics

General Stats
  • This quiz has been taken 9 times
  • The average score is 66 of 86
Answer Stats
Creator Title Views % Correct
William Ekh Adventures 10M
100%
Jim Yosef Arrow 23M
100%
High Maintenance, Charlotte Haining Change Your ways 6,7M
100%
JPB, Ashley Apollodor Defeat The Night 37M
100%
Mendum Elysium 17M
100%
Vanze, Brenton Mattheus Forever 47M
100%
K. Safo, Alex Skrindo, Stewart Wallace Future Vibes 8,2M
100%
Umpire, Liz Kretschmer Gravity 4,8M
100%
RedMoon, Meron Ryan Heavyweight 17M
100%
Desmeon Hellcat 76M
100%
Janji, Johnning Heroes Tonight 355M
100%
JPB High 57M
100%
DEAF KEV Invincible 284M
100%
Alex Skrindo Jumbo 24M
100%
JPB, Joe Erickson Levitate 3,1M
100%
LarsM Lovers 5,7M
100%
Y&V Lune 32M
100%
Wontolla, Kasger, Limitless Miles Away 20M
100%
Different Heaven Nekozilla 90M
100%
HOVERBOOTS One 5M
100%
SUS Whales, Phantom Sage One Day 3,7M
100%
Mendum One Third 7,5M
100%
Cartoon, Jeja, Daniel Levi On & On 533M
100%
Vidya Vidya Safari Fruits 7,7M
100%
Diviniers, Philly K Savannah 72M
100%
Halvorsen She Got Me Like 7,7M
100%
Diviniers, Contacreast Tropic Love 49M
100%
Matthew Blake, Tyler Fiore Upside Down 6,5M
100%
Ash O'Connor Vibe 5,2M
100%
SUS Whales, Roee Yeger, Ashely Apollodor Where Was I 13M
100%
Ash O'Connor You 5,1M
100%
Itro, Kontinuum Alive 5M
67%
Vanze, Balco, Fransis Derelle, Brenton Mattheus All I Need 6M
67%
Unison Aperture 8,6M
67%
Malik Bash Apollo 3,8M
67%
Main Reaktor Awakening 3,1M
67%
Kontinuum Aware 4,1M
67%
Subtact Away 4,2M
67%
Fytch, Kosta, Theo Hoarau Blinded 6M
67%
Umpire Collins Ave 1,7M
67%
Waysons Daydream 11M
67%
Culture Code, Michael Zhonga Electricity 8,8M
67%
K-391 Everybody 13M
67%
Jim Yosef Firefly 80M
67%
Kontinuum First Rain 4,3M
67%
Cormak Flavors 2,2M
67%
Krys Talk Fly Away 11M
67%
Krys Talk Fly Away (JPB Remix) 7,5M
67%
Krys Talk Fly Away (Mendum Remix) 3,2M
67%
K. Safo, Alex Skrindo, Stewart Wallace Future Vibes (Uplink Remix) 2,9M
67%
Inukshuk Happy Accidents 3,4M
67%
Kasger Highland 7,3M
67%
Cartoon, Jeja, Kristel, Aaslaid Immortality 5,2M
67%
NAIMA Let Me See You 7M
67%
Jim Yosef Lights 14M
67%
Disco's Over, PRXZM Lonely Island pt. II 5,3M
67%
Kontinuum, Savoi Lost 6M
67%
Joe Gartson, Keepsake Loud & Clear 3,4M
67%
Speo, Budubo Make A Stand 6,7M
67%
Phantom Sage MIKO 5,6M
67%
Alex Skrindo, Stahl! Moments 9,5M
67%
SirensCeol Nostalgia 3,7M
67%
Different Heaven OMG 13M
67%
Killabyte Our Story 2,7M
67%
Unison Reality 2,3M
67%
Disco's Over, Lokka Vox Reflections 1,4M
67%
Venemy, Car Rescue Me 5,4M
67%
Distrion, Electro-Light Rubik 22M
67%
Siren Run Away 2,2M
67%
Lensko Sarvagon 2015 5,4M
67%
Syntact Shallow 2,1M
67%
Itro, Kedo Rebelle Skyward Bound 4,3M
67%
Itro, Valcos Starbound 4,9M
67%
T, Sugah, NCT, Miyoki Stardust 13M
67%
Electro-Light, Aloma Steele The Ways 4,4M
67%
3rd Prototype, Lex Dave, Yohamna Solange Time 4,8M
67%
Anikdote Which Direction 5,4M
67%
Cartoon, Jeja, Coleman Trapp Why We Lose 239M
67%
Halovorsen Wouldn't Change It 4,6M
67%
ZEST You & Me 5,7M
67%
Disfigure, Tara Louise Blank VIP 18M
33%
Jim Yosef Eclipse 29M
33%
Distrion, Alex Skrindo Entropy 22M
33%
Jim Yosef, Alex Skrindo Passion 8,8M
33%
Lensko Titspoken 2015 6M
33%
Killercats, Alex Skrindo What I Said 2,6M
33%
No matching quizzes found
Score Distribution
Percent of People with Each Score
Percentile by Number Answered
Your Score History
You have not taken this quiz